Losowe angielskie liczebniki 0-100 - Statystyki

Ogólne statystyki
  • Ten quiz został rozwiązany 383 razy
  • Średni wynik to 12 z 14
Statystyki odpowiedzi
Liczba Liczebnik % Poprawnych
7 seven
100%
10 ten
100%
1 one
98%
78 seventy-eight
98%
16 sixteen
98%
28 twenty-eight
98%
19 nineteen
97%
6 six
96%
18 eighteen
95%
86 eighty-six
95%
9 nine
95%
91 ninety-one
95%
74 seventy-four
95%
79 seventy-nine
95%
29 twenty-nine
95%
27 twenty-seven
95%
22 twenty-two
95%
8 eight
94%
88 eighty-eight
94%
59 fifty-nine
94%
4 four
94%
61 sixty-one
94%
66 sixty-six
94%
33 thirty-three
94%
26 twenty-six
94%
0 zero
94%
81 eighty-one
93%
87 eighty-seven
93%
83 eighty-three
93%
11 eleven
93%
54 fifty-four
93%
53 fifty-three
93%
92 ninety-two
93%
17 seventeen
93%
70 seventy
93%
75 seventy-five
93%
62 sixty-two
93%
12 twelve
93%
21 twenty-one
93%
23 twenty-three
93%
50 fifty
92%
5 five
92%
95 ninety-five
92%
71 seventy-one
92%
68 sixty-eight
92%
3 three
92%
20 twenty
92%
2 two
92%
84 eighty-four
91%
96 ninety-six
91%
82 eighty-two
90%
58 fifty-eight
90%
60 sixty
90%
64 sixty-four
90%
67 sixty-seven
90%
24 twenty-four
90%
55 fifty-five
89%
14 fourteen
89%
77 seventy-seven
89%
72 seventy-two
89%
80 eighty
88%
89 eighty-nine
88%
15 fifteen
88%
35 thirty-five
88%
31 thirty-one
88%
37 thirty-seven
88%
52 fifty-two
87%
100 one hundred
87%
65 sixty-five
87%
38 thirty-eight
87%
57 fifty-seven
86%
90 ninety
86%
93 ninety-three
86%
73 seventy-three
86%
30 thirty
86%
76 seventy-six
85%
94 ninety-four
84%
25 twenty-five
84%
51 fifty-one
83%
40 forty
83%
69 sixty-nine
83%
36 thirty-six
83%
56 fifty-six
82%
45 forty-five
81%
98 ninety-eight
81%
63 sixty-three
81%
47 forty-seven
80%
39 thirty-nine
80%
32 thirty-two
80%
85 eighty-five
79%
44 forty-four
79%
49 forty-nine
79%
99 ninety-nine
79%
34 thirty-four
79%
97 ninety-seven
78%
48 forty-eight
76%
42 forty-two
76%
13 thirteen
73%
41 forty-one
70%
46 forty-six
70%
43 forty-three
62%
Nie znaleziono quizów pasujących do podanych kryteriów
Rozkład punktacji
Procent ludzi z każdym wynikiem
Percentyl według liczby udzielonych odpowiedzi
Twoja historia wyników
Nie rozwiązałeś tego quizu